Reign of Henry II - Statistics

General Stats
  • This quiz has been taken 3 times
  • The average score is 6 of 15
Answer Stats
Hint Answer % Correct
Henry married one of his sons to the duchess of this Duchy Brittany
100%
He married the former Queen of France Eleanor
100%
During his reign the conquest of this country started Ireland
100%
He co ruled with his eldest son known as young Henry
67%
This son was his favourite and later became king John
67%
His most popular event in his reign was the murder of this archbishop Thomas Becket
67%
His vast land of Anjou, Maine, Normandy and Aquitaine in France and England is called the Angevin Empire
33%
Henry's legal reforms are generally considered to have laid the basis for the Common Law
33%
He death and was succeed by his second son Richard I
33%
He came to power after this war Anarchy
0%
His claim to the throne was through this mother Empress Matilda
0%
Henry was defeated bu Welsh at this battle also known as Coleshill Ewloe
0%
This battle was the most known in this revolt and Henry won Fornham
0%
This rebellion against King Henry II of England led by three of his sons, his wife and their supporters The Revolt of 1173–1174 what Henry won, sometimes referred to as the Great Revolt
0%
He was rival of this French king Louis VII
0%
No matching quizzes found
Score Distribution
Percent of People with Each Score
Percentile by Number Answered
Your Score History
You have not taken this quiz